01208nam a2200277 i 4500003000900000005001700009007000300026008004100029020001800070040003000088082001300118100004400131245003600175264007000211300002900281336002700310337003400337338002800371500009900399520024300498590002700741910001400768942001400782952011700796999001700913DO-SdBNP20240620101841.0ta240620s2011 xxu 000 j spa d a9781616058968 aDO-SdBNPbspacBNPHUerda bS487222 aSerrano, Marcela,d1951-923453eautora10aDiez mujeres /cMarcela Serrano 1aEstados Unidos :bAlfaguara,bPrisa ediciones,bSantillanac2011. a300 páginas, c23 cm. 2rdacontentatextobtxt 2rdamediaasin mediación bn 2rdacarrieravolumenbnc aUn retrato implacable del alma femenina por la autora de "El albergue de las mujeres tristes". aNueve mujeres, muy distintas entre si y que nunca se han visto antes, comparten sus historias. Natasha, su terapeuta, ha decidido reunirlas en la convicción de que las heridas empiezan a sanar cuando se rompen las cadenas del silencio.  aInventariado, 2024/ YL aYLockward 2ddccLBS1 00102ddc56708GRaBNPHUbBNPHUcCTd2021-06-23eDonación l0oS487p2024-3619r2024-06-20w2024-06-20yLBS1 c56904d56904